000 00277nam a22001217a 4500
003 OSt
008 250205b |||||||| |||| 00| 0 eng d
041 _aeng
100 _aByers, Robert
_97074
245 _ad Base Programmers Utilities
260 _bBPB Publications
942 _cBK
999 _c19303
_d19303